000 01499nam a2200349 i 4500
003 EG-GICUC
005 20260503094224.0
008 260503s1976 -usd|||fr|||| 000 0 ara d
017 _a78/5439
020 _a7304-02-1
040 _a EG-GICUC
_bara
_c EG-GICUC
_d EG-GICUC
_erda
041 1 _aara
_heng
082 0 4 _221
_a345.4391
_bم ن . و
092 0 4 _221
099 _aLaw1 07 345.4391 م ن . و 1976
110 1 _aالمنظمة العربية للعلوم الإدارية.
_bمركز البحوث الإدارية.
_cمصر
_eمؤلف.
245 1 0 _aوضع وتنفيذ نظام لتصنيف الوظائف وخطة لتحديد هيكل الأجور /
_bالمنظمة العربية للعلوم الإدارية ؛ ترجمة أحمد فؤاد نجيب.
246 2 1 _aU.n. Introduction And Adminstration Of Position Classification And Ply Plans.
264 1 _aنيويورك :
_bالأمم المتحدة،
_c1976.
300 _a299 صفحة :
_bجداول، رسوم بيانية ؛
_c24 سم.
336 _2rda content
_atext
337 _2rda media
_aComputer
338 _2rda carrier
_aOnline Resource
490 0 _aالفكر الإداري المعاصر ؛
_v38
546 _aالنص باللغة العربية
650 1 _aتصحيح أوضاع العاملين.
_2qrmak
651 1 _2qrmak
700 0 _aأحمد فؤاد نجيب.
_eمؤلف.
856 4 0 _uhttps://fll.law.cu.edu.eg/fulltext/bks/B07-00207.pdf
905 _a62
942 _2ddc
_n0
_cBK
_e21
999 _c75077
_d75077